Logo Biblioteca

Ciencia y superhéroes : (Registro nro. 1028)

Detalles MARC
000 -LEADER
fixed length control field 02480nam a2200253 a 4500
003 - CONTROL NUMBER IDENTIFIER
control field AR-RoUNCS
005 - DATE AND TIME OF LATEST TRANSACTION
control field 20260521171100.0
007 - PHYSICAL DESCRIPTION FIXED FIELD--GENERAL INFORMATION
fixed length control field ta
008 - FIXED-LENGTH DATA ELEMENTS--GENERAL INFORMATION
fixed length control field 210513s2013 ag |r 00| 0 spa
020 ## - INTERNATIONAL STANDARD BOOK NUMBER
International Standard Book Number 978-987-629-347-1
040 ## - CATALOGING SOURCE
Original cataloging agency AR-BaBN
Language of cataloging spa
Transcribing agency AR-RoUNCS
100 1# - MAIN ENTRY--PERSONAL NAME
Personal name Bombara, Paula,
Dates associated with a name 1972-
Relator term autora
245 10 - TITLE STATEMENT
Title Ciencia y superhéroes :
Remainder of title experimentos, hipótesis, héroes y villanos : ¡al infinito y más allá! /
Statement of responsibility, etc. Paula Bombara, Andrés Valenzuela.
260 ## - PUBLICATION, DISTRIBUTION, ETC.
Place of publication, distribution, etc. Buenos Aires :
Name of publisher, distributor, etc. Siglo XXI,
Date of publication, distribution, etc. c2013.
300 ## - PHYSICAL DESCRIPTION
Extent 230 p. ;
Dimensions 23 cm.
490 0# - SERIES STATEMENT
Series statement Ciencia que Ladra. Serie Mayor / dirigida por Diego Golombek
520 3# - SUMMARY, ETC.
Summary, etc. ¿De qué manera puede Superman sobrevivir sin oxígeno en el espacio? ¿Qué clase de radiación hace que el doctor Bruce Banner se ponga verde y enorme cada vez que se enoja? ¿De qué están hechas las telarañas que lanza el Hombre Araña desde sus puños? ¿Cómo logra Lucky Luke disparar más rápido que su propia sombra? ¿Qué contenían las bombas que destruyeron la Buenos Aires de El Eternauta? ¿Realmente es posible viajar al futuro, como hacen algunos supervillanos? ¿Qué hay de cierto en estas cosas que nos cuentan las historietas? ¿Cuánto es viable sólo en teoría, cuánto podría practicarse con la tecnología de hoy y cuánto es producto de la imaginación visionaria de sus creadores? En este increíble libro, una científica y escritora y un periodista experto en historietas apelan a todo su superconocimiento para develar las hipótesis y desarrollos científicos que se colaron desde siempre detrás de los fantásticos superpoderes de los protagonistas de las historietas de todos los tiempos, desde los clásicos de Marvel o DC Comics hasta los héroes y heroínas latinoamericanos. Nos explican por qué son científicamente delirantes ciertas proezas (encogerse y a la vez ganar masa, transformarse en onda sonora y pasear alegremente de un sitio a otro). Nos animan a imitar a otros humanos de historieta que sin estar dotados de poderes especiales se inventaron a sí mismos como protagonistas de su época, y nos regalan un catálogo imperdible que incluye desde series y episodios hasta autores y editores, para saber "quién es quién" en el mundo del cómic.
650 #7 - SUBJECT ADDED ENTRY--TOPICAL TERM
Topical term or geographic name entry element Cómics
Source of heading or term embne
650 #4 - SUBJECT ADDED ENTRY--TOPICAL TERM
Topical term or geographic name entry element Ciencia
Form subdivision En la literatura
655 #7 - INDEX TERM--GENRE/FORM
Genre/form data or focus term Obras de consulta
Source of term embne
700 1# - ADDED ENTRY--PERSONAL NAME
Personal name Valenzuela, Andrés
Relator term autor
700 1# - ADDED ENTRY--PERSONAL NAME
Personal name Golombek, Diego,
Dates associated with a name 1964-
Relator term director de colección
942 ## - ADDED ENTRY ELEMENTS (KOHA)
Source of classification or shelving scheme Universal Decimal Classification
Koha item type Obra General
Suppress in OPAC No
Existencias
Withdrawn status Lost status Source of classification or shelving scheme Damaged status Not for loan Collection Home library Current library Date acquired Source of acquisition Total checkouts Full call number Barcode Date last seen Price effective from Koha item type
    Universal Decimal Classification     Colección General Biblioteca Escuela de Ciencias Sociales Biblioteca Escuela de Ciencias Sociales 21/05/2026 Donación   001.9:82-36 B695 000983 21/05/2026 21/05/2026 Obra General
Biblioteca de la Escuela Preuniversitaria en Ciencias Sociales y Humanísticas.
Riobamba 250 bis.
CP 2000 - Rosario - Santa Fe
E-Mail: biblioteca@esociales.unr.edu.ar